• 首页
  • 本馆介绍
  • 公告通知
  • 最新文献
  • 馆藏检索
  • 电子资源
  • 读者导购
  • 参考咨询
  • 我的图书馆
  • 登录
  • 详细信息显示
  • 放入我的书架
  • 预约/预借图书
  • 作者相关作品
  • 分类相关作品
  • 丛书相关作品
  • 出版社相关作品

书目信息

  • 表格格式
  • 工作单格式
  • 卡片格式
题名:
图解颐和园
    
 
作者: 定界 著
分册:  
出版信息: 北京   北京出版社  2018
页数: 202页
开本: 24cm
丛书名: 京华通览
单 册:
中图分类: K928.73-64
科图分类:
主题词:
电子资源:
ISBN: 978-7-200-13496-4
000 00908nam 2200265 45
001 012001007734
005 20130121130629.0
010    @a978-7-200-13496-4@dCNY88.00
099    @aCAL 012018140236
100    @a20181106d2018 em y0chiy50 ea
101 0  @achi
102    @aCN@b110000
105    @aabf z 000yy
106    @ar
200 1  @a图解颐和园@Atu jie yi he yuan@f定界著
210    @a北京@c北京出版社@d2018
215    @a202页@c图, 地图@d24cm
225 2  @a京华通览@Ajing hua tong lan@i西山永定河文化带
330    @a本书是一本全方位解读颐和园的深度旅游文化图书。书中内容包括:中国园林之冠——颐和园、解读神奇的颐和园、宫廷区、万寿山前山景区、万寿山后山后湖景区等。
410  0 @12001 @a京华通览@i西山永定河文化带
607    @a颐和园@Ayi he yuan@j图解
690    @aK928.73-64@v5
701  0 @a定界@Ading jie@4著
801  0 @aCN@b上海新华@c20191020
905    @b1133998-4001@dK928.73-64@e1151@f4
    
    图解颐和园/定界著.-北京:北京出版社,2018
    202页:图, 地图;24cm.-(京华通览.西山永定河文化带)
    
    
    ISBN 978-7-200-13496-4:CNY88.00
    本书是一本全方位解读颐和园的深度旅游文化图书。书中内容包括:中国园林之冠——颐和园、解读神奇的颐和园、宫廷区、万寿山前山景区、万寿山后山后湖景区等。
●
相关链接 在E读中查询图书 在五车中查询图书 在当当中查询图书 在豆瓣中查询图书


正题名:图解颐和园     索取号:K928.73-64/1151         预约/预借

序号 登录号 条形码 馆藏地/架位号 状态 备注
1 1133998   211339988   第二样本阅览室/ [索取号:K928.73-64/1151] 在馆    
2 1133999   211339997   第二借阅区/ [索取号:K928.73-64/1151] 在馆    
3 1134000   211340002   第二借阅区/ [索取号:K928.73-64/1151] 在馆    
4 1134001   211340011   第二借阅区/ [索取号:K928.73-64/1151] 在馆    
唐山师范学院图书馆 欢迎您!
大连网信软件有限公司© 版权所有